Online
Catalog

Valle Nuevo : (Record no. 48016)

MARC details
000 -CABECERA
campo de control de longitud fija 00830nam a2200217 a 4500
001 - NÚMERO DE CONTROL
campo de control 000048528
005 - FECHA Y HORA DE LA ÚLTIMA TRANSACCIÓN
campo de control 20201002061224.0
008 - DATOS DE LONGITUD FIJA--INFORMACIÓN GENERAL
campo de control de longitud fija 190328s2015 dr c r 000 0 spa d
040 ## - FUENTE DE LA CATALOGACIÓN
Centro catalogador/agencia de origen DO-SdBNP
Lengua de catalogación spa
Centro/agencia transcriptor BNPHU
082 ## - NÚMERO DE LA CLASIFICACIÓN DECIMAL DEWEY
Número de clasificación xxxx
Número de documento/Ítem B858v
100 1# - ENTRADA PRINCIPAL--NOMBRE DE PERSONA
Nombre de persona Briones, Ricardo,
Fechas asociadas al nombre 1958-
9 (RLIN) 75973
245 10 - MENCIÓN DE TÍTULO
Título Valle Nuevo :
Resto del título madre de las aguas /
Mención de responsabilidad, etc. Ricardo Briones ; prólogo Ricardo García ; editor Victor Siladi ; textos Andrés Ferrer, Carlos Suriel.
260 ## - PUBLICACIÓN, DISTRIBUCIÓN, ETC.
Lugar de publicación, distribución, etc. Santo Domingo :
Nombre del editor, distribuidor, etc. Amigo del hogar,
Fecha de publicación, distribución, etc. 2015.
300 ## - DESCRIPCIÓN FÍSICA
Extensión 199 p. :
Otras características físicas retrs. ;
Dimensiones 25 cm.
500 ## - NOTA GENERAL
Nota general Incluye dtos biográficos del autor en la solapa de la cubierta
590 ## - NOTA LOCAL (RLIN)
Nota local Inventariado, 2019/BT
700 1# - PUNTO DE ACCESO ADICIONAL--NOMBRE DE PERSONA
Nombre de persona García, Ricardo,
Término indicativo de función/relación pról
9 (RLIN) 17889
700 1# - PUNTO DE ACCESO ADICIONAL--NOMBRE DE PERSONA
Nombre de persona Siladi, Victor,
Término indicativo de función/relación ed.
9 (RLIN) 73802
700 1# - PUNTO DE ACCESO ADICIONAL--NOMBRE DE PERSONA
Nombre de persona Ferrer, Andrés,
Término indicativo de función/relación tx.
9 (RLIN) 75974
700 1# - PUNTO DE ACCESO ADICIONAL--NOMBRE DE PERSONA
Nombre de persona Suriel, Carlos,
Término indicativo de función/relación tx.
9 (RLIN) 57735
Holdings
Estado de retiro Estado de pérdida Restricciones de uso No para préstamo Código de colección Localización permanente Ubicación/localización actual Ubicación en estantería Fecha de adquisición Número de inventario Total de préstamos Signatura topográfica completa Código de barras Fecha visto por última vez Número de copia Precio válido a partir de Tipo de ítem Koha
        Dominicana de Servicio General General Depósito 28.03.2019 LF1   xxxx B858v 48528-30 25.06.2020 e. 3 25.06.2020 Libro y Folleto Colección Dominicana de Servicio
      Excluido de préstamo Patrimonio Dominicano Patrimonio Dominicano Patrimonio Dominicano Depósito 28.03.2019 LF1   xxxx B858v 48528-10 25.06.2020   25.06.2020 Libro y Folleto Colección Patrimonio Dominicano
      Excluido de préstamo Patrimonio Dominicano Patrimonio Dominicano Patrimonio Dominicano Depósito 28.03.2019 LF1   xxxx B858v 48528-20 25.06.2020 e. 2 25.06.2020 Libro y Folleto Colección Patrimonio Dominicano

Powered by Koha